ბათუმის შოთა რუსთაველის სახელმწიფო უნივერსიტეტის ბიბლიოთეკა

ფიტონიმებით მოტივირებული იდიომების კვლევა ფრანგულ და ქართულ ენებში / (ბიბ.ჩანაწერი № 57543)

000 -ლიდერი
ფიქსირებული სიგრძის საკონტროლო ველი 01005nam a22002177a 4500
003 - საკონტროლო ნომრის იდენტიფიკატორი
საკონტროლო ველი Ge_BSU
005 - ბოლო ოპერაციის თარიღი და დრო
საკონტროლო ველი 20221221150253.0
008 - ფიქსირებული სიგრძის მონაცემთა ელემენტები - ზოგადი ინფორმაცია
ფიქსირებული სიგრძის საკონტროლო ველი 200727s2020 ge ||||| |||| 00| 0 geo d
041 ## - ენის კოდი
Language code of text/sound track or separate title geo
080 ## - უნივერსალური ათობითი კლასიფიკაციის ინდექსი
Universal Decimal Classification number 82 კ-36
100 ## - მთავარი ჩანაწერი - პიროვნების სახელი
Personal name კახიძე, სოფიო
9 (RLIN) 9047
245 ## - ცნობა სათაურის შესახებ
Title ფიტონიმებით მოტივირებული იდიომების კვლევა ფრანგულ და ქართულ ენებში /
Statement of responsibility, etc სოფიო კახიძე, სამეცნ.ხელმძღვ. ნ. სურგულაძე.
264 ## - წარმოების, გამოცემის, დისტრიბუციის და სხვა ცნობები
გამოცემის, წარმოების, დისტრიბუციის... ადგილი ბათუმი,
გამოცემის, წარმოების, დისტრიბუციის... თარიღი 2020.
300 ## - ფიზიკური აღწერა
Extent 214 გვ.
Other physical details 30 სმ.
Dimensions ილ.
504 ## - BIBLIOGRAPHY, ETC. NOTE
Bibliography, etc ბიბლიოგრ. გვ. 143-150
653 ## - INDEX TERM--UNCONTROLLED
Uncontrolled term ფილოლოგია
653 ## - INDEX TERM--UNCONTROLLED
Uncontrolled term ლინგვისტიკა
653 ## - INDEX TERM--UNCONTROLLED
Uncontrolled term დისერტაცია
700 ## - ADDED ENTRY--PERSONAL NAME
Personal name სურგულაძე, ნ.
Relator term სამეცნ.ხელმძღვანელი
9 (RLIN) 7643
942 ## - ADDED ENTRY ELEMENTS (KOHA)
Source of classification or shelving scheme
Koha item type დისერტაცია
ეგზემპლარები
ჩამოწერის სტატუსი დაკარგული ეგზემპლარის სტატუსი კლასიფიკაციის წყარო ან თაროზე გაწყობის სქემა დაზიანების სტატუსი არ გაიცემა მუდმივი მდებარეობა (დაცვის ადგილი) ამჟამინდელი ადგილსამყოფელი თაროზე განთავსების ადგილი შეძენის თარიღი სრული შენახვის შიფრი შტრიხკოდი ბოლო ოპერაციის თარიღი ეგზემპლარის მიმდევრობითი ნომერი (კეტერი?) ფასის ძალაში შესვლის თარიღი ეგზემპლარის სახეობა
          ბათუმის შოთა რუსთაველის სახელმწიფო უნივერსიტეტის მთავარი ბიბლიოთეკა ბათუმის შოთა რუსთაველის სახელმწიფო უნივერსიტეტის მთავარი ბიბლიოთეკა წიგნსაცავი 2020-07-27 82 კ-36 338 დისერტაცია 2020-07-27 338 დისერტაცია 2020-07-27 დისერტაცია